Get cooking : 150 simple recipes to get you started in the kitchen (Record no. 194002)

MARC details
000 -LEADER
fixed length control field 00645nam a2200217Ia 4500
008 - FIXED-LENGTH DATA ELEMENTS--GENERAL INFORMATION
fixed length control field 191130s2009##################000#0#eng##
020 ## - INTERNATIONAL STANDARD BOOK NUMBER
ISBN 9780061732430
082 ## - DEWEY DECIMAL CLASSIFICATION NUMBER
Classification number 641.5 KAT
100 ## - MAIN ENTRY--AUTHOR NAME
Personal name Katzen, Mollie
245 ## - TITLE STATEMENT
Title Get cooking : 150 simple recipes to get you started in the kitchen
Statement of responsibility, etc Mollie Katzen, with photographs by the author
250 ## - EDITION STATEMENT
Edition statement 1st ed
260 ## - PUBLICATION, DISTRIBUTION, ETC. (IMPRINT)
Place of publication New York
Name of publisher HarperStudio
Year of publication c2009
300 ## - PHYSICAL DESCRIPTION
Number of Pages xx, 268 p. : col. ill. ; 24 cm
500 ## - GENERAL NOTE
General note Includes index
650 ## - SUBJECT ADDED ENTRY--TOPICAL TERM
Topical Term Cooking
991 ## -
-- 302615
Holdings
Withdrawn status Lost status Damaged status Not for loan Home library Current library Shelving location Date acquired Full call number Accession Number Price effective from Koha item type
        Anna Centenary Library Anna Centenary Library 6TH FLOOR, A WING 13.10.2020 641.5 KAT 468203 13.10.2020 English Books

Find us on the map